Press Freedom, TOP-10 Nations by Continent - Statistics

General Stats
  • This quiz has been taken 22 times
  • The average score is 34 of 50
Answer Stats
wr Answer % Correct
22 Canada
100%
3 Finland
100%
2 Sweden
100%
19 Australia
95%
4 Denmark
95%
72 Japan
95%
13 New Zealand
95%
1 Norway
95%
7 Switzerland
95%
43 United States
95%
11 Austria
90%
33 Chile
90%
6 Costa Rica
90%
10 Iceland
90%
5 Netherlands
90%
31 South Africa
90%
63 South Korea
90%
50 Argentina
81%
9 Belgium
81%
124 Indonesia
81%
45 Taiwan
81%
25 Uruguay
81%
48 Botswana
76%
8 Jamaica
76%
24 Namibia
76%
12 Estonia
71%
67 Fiji
71%
21 Samoa
71%
30 Cyprus
67%
56 Mauritius
67%
51 Papua New Guinea
67%
127 Philippines
67%
49 Tonga
67%
26 Ghana
62%
57 Madagascar
62%
34 Trinidad &Tobago
62%
84 Bhutan
57%
98 East Timor
57%
20 Surinam
57%
69 Mongolia
52%
79 Armenia
48%
73 Hong Kong
48%
131 Burma
29%
55 Mauritania
29%
42 Burkina Faso
24%
75 Northern Cyprus
19%
27 Cabo Verde
10%
38 OECS
10%
44 Comores
0%
89 Kyrgystan
0%
No matching quizzes found
Score Distribution
Percent of People with Each Score
Percentile by Number Answered
Your Score History
You have not taken this quiz